[Event "DEN-ch Blitz op"]
[Site "Avedore"]
[Date "2023.05.14"]
[Round "8"]
[White "Ost Hansen, Jacob"]
[Black "Christensen, Janus"]
[Result "1-0"]
[WhiteElo "2338"]
[BlackElo "2141"]
[PlyCount "73"]
[EventDate "2023.05.14"]
[EventType "swiss (blitz)"]
[EventRounds "13"]
[EventCountry "DEN"]
[SourceTitle "CBM 214 Extra"]
[Source "ChessBase"]
[SourceDate "2023.07.31"]
[SourceVersion "1"]
[SourceVersionDate "2023.07.31"]
[SourceQuality "1"]

1. g3 d5 2. Nf3 c5 3. Bg2 Nc6 4. 0-0 e5 5. d3 Nf6 6. Nbd2 Bd6 7. e4 d4 8. a4 h6 9. Nc4 Bc7 10. Nh4 Be6 11. Nf5 Bxc4 12. dxc4 0-0 13. f4 Ne7 14. fxe5 Bxe5 15. Bf4 Ng6 16. Qd2 Bxf4 17. gxf4 Re8 18. e5 Nd7 19. Nd6 Re7 20. Nxb7 Qc7 21. Nxc5 Qxc5 22. Bxa8 Qxc4 23. Qd3 Qc8 24. Be4 Ngf8 25. Qxd4 Nc5 26. Bg2 Nfe6 27. Qe3 Qc7 28. b4 Nd7 29. Rad1 Nb6 30. a5 Nc4 31. Qe4 g6 32. Qc6 Qxc6 33. Bxc6 Ne3 34. b5 Nxf1 35. Rxf1 Nd4 36. Rd1 a6 37. Rxd4 1-0

[Event "DEN-ch Blitz op"]
[Site "Avedore"]
[Date "2023.05.14"]
[Round "1"]
[White "Ost Hansen, Jacob"]
[Black "Skovgaard, Tom"]
[Result "1-0"]
[WhiteElo "2338"]
[BlackElo "1993"]
[PlyCount "99"]
[EventDate "2023.05.14"]
[EventType "swiss (blitz)"]
[EventRounds "13"]
[EventCountry "DEN"]
[SourceTitle "CBM 214 Extra"]
[Source "ChessBase"]
[SourceDate "2023.07.31"]
[SourceVersion "1"]
[SourceVersionDate "2023.07.31"]
[SourceQuality "1"]

1. g3 d5 2. Nf3 Nf6 3. Bg2 Bg4 4. 0-0 e6 5. d3 Be7 6. Nbd2 0-0 7. c4 c6 8. b3 Nbd7 9. Bb2 a5 10. a3 Re8 11. Rc1 Rc8 12. Re1 Bf8 13. Qc2 b5 14. h3 Bh5 15. Qb1 Qb6 16. Qa1 a4 17. cxb5 cxb5 18. b4 Qb8 19. g4 Bg6 20. Ne5 Nxe5 21. Bxe5 Qb7 22. Nf3 Nd7 23. Bd4 Rxc1 24. Rxc1 Rc8 25. Ne5 Nxe5 26. Bxe5 Rc6 27. Rc3 Qc8 28. Qc1 Rxc3 29. Qxc3 Qxc3 30. Bxc3 f6 31. f4 Be8 32. f5 Bd7 33. fxe6 Bxe6 34. Bd4 Kf7 35. e4 dxe4 36. Bxe4 Bd7 37. Kf2 Bd6 38. Kf3 h6 39. Bd5+ Ke7 40. Ke4 g5 41. Bb7 Bf4 42. Bb2 Kd6 43. Bd5 Bc6 44. Bxc6 Kxc6 45. Kf5 Bc7 46. Kxf6 Kd5 47. Kf5 Bd6 48. Kg6 Bf8 49. Kf7 Bd6 50. Kg7 1-0

[Event "DEN-ch Rapid op"]
[Site "Avedore"]
[Date "2023.05.13"]
[Round "3"]
[White "Skou, Niels"]
[Black "Ost Hansen, Jacob"]
[Result "0-1"]
[WhiteElo "2116"]
[BlackElo "2338"]
[PlyCount "94"]
[EventDate "2023.05.13"]
[EventType "swiss (rapid)"]
[EventRounds "7"]
[EventCountry "DEN"]
[SourceTitle "CBM 214 Extra"]
[Source "ChessBase"]
[SourceDate "2023.07.31"]
[SourceVersion "1"]
[SourceVersionDate "2023.07.31"]
[SourceQuality "1"]

1. d4 Nf6 2. c4 c5 3. d5 e5 4. Nc3 d6 5. e4 Be7 6. Nge2 Nbd7 7. Ng3 h5 8. Bd3 g6 9. h3 h4 10. Nf1 Nh5 11. Ne3 a6 12. a4 Bg5 13. Ng4 0-0 14. 0-0 Nf4 15. Ne2 f5 16. Nxf4 exf4 17. exf5 gxf5 18. Nh2 Ne5 19. Nf3 Bd7 20. b3 Qf6 21. Rb1 Be8 22. Be2 Bh5 23. Bb2 Bxf3 24. Bxf3 Rae8 25. Ba1 a5 26. Re1 b6 27. Kh1 Qg7 28. Bh5 Re7 29. Bf3 Bf6 30. Rg1 Qg5 31. Qd2 Rfe8 32. Bb2 Rg7 33. Qd1 Ree7 34. Bc1 Qh6 35. Bd2 Kh8 36. Kh2 Re8 37. g3 Nxf3+ 38. Qxf3 fxg3+ 39. Kh1 Qg6 40. fxg3 hxg3 41. Bf4 Bh4 42. Kg2 Re4 43. Rge1 Rge7 44. Re3 Rxe3 45. Bxe3 f4 46. Rf1 Rxe3 47. Qxf4 Qc2+ 0-1

[Event "EU-chT Seniors 65"]
[Site "Novi Sad"]
[Date "2017.07.03"]
[Round "9.3"]
[White "Ost Hansen, Jacob"]
[Black "Ujhazi, Ivan"]
[Result "1/2-1/2"]
[WhiteElo "2359"]
[BlackElo "2155"]
[PlyCount "33"]
[EventDate "2017.06.25"]
[EventType "team-tourn"]
[EventRounds "9"]
[EventCountry "SRB"]
[SourceTitle "EXT 2018"]
[Source "ChessBase"]
[SourceDate "2017.10.13"]
[SourceVersion "1"]
[SourceVersionDate "2017.10.13"]
[SourceQuality "1"]
[WhiteTeam "Denmark 65"]
[BlackTeam "Serbia Gerontologic Centar 65"]
[WhiteTeamCountry "DEN"]
[BlackTeamCountry "SRB"]

1. g3 d5 2. Nf3 c6 3. Bg2 Bg4 4. b3 Nd7 5. Bb2 e6 6. d3 Ngf6 7. 0-0 Bd6 8. Nbd2 Qe7 9. e4 Ba3 10. Qc1 Bxb2 11. Qxb2 0-0 12. Rfe1 Rfd8 13. h3 dxe4 14. Nxe4 Bxf3 15. Bxf3 Nxe4 16. Rxe4 Qf6 17. Qxf6 1/2-1/2

[Event "EU-chT Seniors 65"]
[Site "Novi Sad"]
[Date "2017.07.02"]
[Round "8.2"]
[White "Rantanen, Veikko J"]
[Black "Ost Hansen, Jacob"]
[Result "1/2-1/2"]
[WhiteElo "1985"]
[BlackElo "2359"]
[PlyCount "70"]
[EventDate "2017.06.25"]
[EventType "team-tourn"]
[EventRounds "9"]
[EventCountry "SRB"]
[SourceTitle "CBM 179 Extra"]
[Source "ChessBase"]
[SourceDate "2017.08.23"]
[SourceVersion "1"]
[SourceVersionDate "2017.08.23"]
[SourceQuality "1"]
[WhiteTeam "Finland Turku 65"]
[BlackTeam "Denmark 65"]
[WhiteTeamCountry "FIN"]
[BlackTeamCountry "DEN"]

1. e4 c5 2. Nf3 e6 3. Nc3 a6 4. a3 Nc6 5. d4 cxd4 6. Nxd4 Nge7 7. Be2 Nxd4 8. Qxd4 Nc6 9. Qe3 Qc7 10. 0-0 Be7 11. Bd3 0-0 12. Bd2 Ne5 13. Qe2 b5 14. Rab1 Bb7 15. Rfe1 Rac8 16. Be3 Bc5 17. Bxc5 Qxc5 18. Qe3 f6 19. Rbd1 Qxe3 20. Rxe3 g5 21. f3 Kf7 22. Bf1 Ke7 23. Rd2 Rfd8 24. Re1 Nc4 25. Bxc4 Rxc4 26. Red1 d6 27. Kf2 Rc5 28. Rd4 f5 29. exf5 Rxf5 30. Ne4 Bxe4 31. Rxe4 d5 32. Red4 Rc8 33. c3 Kd6 34. a4 Rc4 35. axb5 axb5 1/2-1/2

[Event "EU-chT Seniors 15th"]
[Site "Dresden"]
[Date "2013.07.22"]
[Round "3"]
[White "Vogt, Lothar"]
[Black "Ost Hansen, Jacob"]
[Result "1-0"]
[WhiteElo "2402"]
[BlackElo "2386"]
[PlyCount "59"]
[EventDate "2013.07.20"]
[EventType "team-swiss"]
[EventRounds "9"]
[EventCountry "GER"]
[SourceTitle "CBM 155 Extra"]
[Source "ChessBase"]
[SourceDate "2013.08.26"]
[SourceVersion "1"]
[SourceVersionDate "2013.08.26"]
[SourceQuality "1"]
[WhiteTeam "Eppingen"]
[BlackTeam "Denmark"]
[WhiteTeamCountry "GER"]
[BlackTeamCountry "DEN"]

1. e4 c5 2. c3 e6 3. Nf3 d5 4. exd5 exd5 5. d4 Nc6 6. Be2 Bd6 7. dxc5 Bxc5 8. Nbd2 Nge7 9. Nb3 Bb6 10. 0-0 0-0 11. Bd3 h6 12. Re1 Bg4 13. Be3 Bc7 14. Be2 Nf5 15. Bc5 Re8 16. h3 Bxf3 17. Bxf3 Rxe1+ 18. Qxe1 Nh4 19. Nd2 Ne5 20. Qe3 Nhxf3+ 21. Nxf3 Nc4 22. Qe2 b6 23. Bd4 Qe8 24. Re1 Qxe2 25. Rxe2 Kf8 26. Kf1 Rd8 27. Ke1 Na5 28. Kd2 Nc6 29. Kd3 Bd6 30. Be5 1-0

[Event "DEN-chT 0809"]
[Site "Denmark"]
[Date "2009.03.21"]
[Round "8.5"]
[White "Ost Hansen, Jacob"]
[Black "Kristensen, Kaare Hove"]
[Result "1/2-1/2"]
[WhiteElo "2403"]
[BlackElo "2215"]
[PlyCount "35"]
[EventDate "2008.11.01"]
[EventType "team-tourn"]
[EventRounds "9"]
[EventCountry "DEN"]
[SourceTitle "EXT 2023"]
[Source "ChessBase"]
[SourceDate "2022.10.05"]
[SourceVersion "1"]
[SourceVersionDate "2022.10.05"]
[SourceQuality "1"]
[WhiteTeam "Copenhagen K41"]
[BlackTeam "Nordkalotten"]
[WhiteTeamCountry "DEN"]
[BlackTeamCountry "DEN"]

1. g3 d5 2. Nf3 Nc6 3. d4 Bg4 4. Bg2 Qd7 5. Bf4 0-0-0 6. h3 Bf5 7. c3 f6 8. h4 g6 9. Nbd2 Bg7 10. b4 e5 11. Be3 e4 12. Ng1 Nh6 13. Bxh6 Bxh6 14. e3 Kb8 15. Nb3 Qd6 16. Ne2 Bg4 17. Qd2 Ne7 18. a4 1/2-1/2

[Event "DEN-chT 0607"]
[Site "Denmark"]
[Date "2006.11.26"]
[Round "3.1"]
[White "Ost Hansen, Jacob"]
[Black "Nielsen, Peter Heine"]
[Result "0-1"]
[WhiteElo "2439"]
[BlackElo "2655"]
[PlyCount "72"]
[EventDate "2006.11.04"]
[EventType "team-tourn"]
[EventRounds "9"]
[EventCountry "DEN"]
[SourceTitle "EXT 2023"]
[Source "ChessBase"]
[SourceDate "2022.10.05"]
[SourceVersion "1"]
[SourceVersionDate "2022.10.05"]
[SourceQuality "1"]
[WhiteTeam "Copenhagen K41"]
[BlackTeam "Helsinge"]
[WhiteTeamCountry "DEN"]
[BlackTeamCountry "DEN"]

1. g3 c5 2. Bg2 Nc6 3. e4 g6 4. d3 Bg7 5. f4 d6 6. Nf3 Nf6 7. 0-0 0-0 8. h3 b5 9. g4 a5 10. Nc3 b4 11. Ne2 Ba6 12. Be3 Nd7 13. Rb1 a4 14. b3 axb3 15. axb3 Bb5 16. Qd2 Ra2 17. h4 Qc7 18. Nc1 Ra3 19. Ne2 Rfa8 20. Bh3 Ra2 21. Rf2 Ra1 22. Rxa1 Rxa1+ 23. Kg2 Ba6 24. h5 Bb7 25. Rf1 Ra2 26. Kg1 d5 27. exd5 Na5 28. Nc1 Rb2 29. d4 cxd4 30. Bxd4 Rxc2 31. Qe3 Bxd5 32. Bxg7 Bxf3 33. Bd4 Nc6 34. Ba1 Bd5 35. hxg6 hxg6 36. f5 Qh2# 0-1

[Event "DEN-chT 0607"]
[Site "Denmark"]
[Date "2006.11.05"]
[Round "2.1"]
[White "Glud, Jakob Vang"]
[Black "Ost Hansen, Jacob"]
[Result "1-0"]
[WhiteElo "2429"]
[BlackElo "2439"]
[PlyCount "53"]
[EventDate "2006.11.04"]
[EventType "team-tourn"]
[EventRounds "9"]
[EventCountry "DEN"]
[SourceTitle "EXT 2023"]
[Source "ChessBase"]
[SourceDate "2022.10.05"]
[SourceVersion "1"]
[SourceVersionDate "2022.10.05"]
[SourceQuality "1"]
[WhiteTeam "Jetsmark"]
[BlackTeam "Copenhagen K41"]
[WhiteTeamCountry "DEN"]
[BlackTeamCountry "DEN"]

1. c4 e5 2. g3 d6 3. Bg2 g6 4. Nc3 Bg7 5. e4 Nc6 6. Nge2 Nh6 7. 0-0 0-0 8. d3 f5 9. Nd5 Rf7 10. b4 f4 11. gxf4 Qh4 12. f3 exf4 13. Bxf4 Rxf4 14. Nexf4 Bxa1 15. Qxa1 Nxb4 16. Nxg6 hxg6 17. Nxb4 c6 18. d4 Bd7 19. Qe1 Qf6 20. Qe3 Kh7 21. Nd3 b6 22. e5 Qf7 23. d5 Nf5 24. Qe4 cxd5 25. cxd5 Bb5 26. e6 Bxd3 27. exf7 1-0

[Event "DEN-chT 0405"]
[Site "Denmark"]
[Date "2005.01.16"]
[Round "4.3"]
[White "Ost Hansen, Jacob"]
[Black "Holmsgaard, Henrik"]
[Result "1/2-1/2"]
[WhiteElo "2443"]
[BlackElo "2319"]
[PlyCount "59"]
[EventDate "2004.11.06"]
[EventType "team-tourn"]
[EventRounds "7"]
[EventCountry "DEN"]
[SourceTitle "EXT 2023"]
[Source "ChessBase"]
[SourceDate "2022.10.05"]
[SourceVersion "1"]
[SourceVersionDate "2022.10.05"]
[SourceQuality "1"]
[WhiteTeam "Copenhagen K41"]
[BlackTeam "Helsingor"]
[WhiteTeamCountry "DEN"]
[BlackTeamCountry "DEN"]

1. g3 c5 2. Bg2 Nc6 3. e4 g6 4. d3 Bg7 5. Nc3 d6 6. Nh3 e6 7. 0-0 Nge7 8. Be3 0-0 9. Qd2 Re8 10. Rae1 b6 11. Bh6 Bh8 12. f4 Rb8 13. g4 f5 14. gxf5 exf5 15. Kh1 Nd4 16. Nd1 Bb7 17. c3 Ne6 18. Ne3 Ng7 19. Ng5 Qd7 20. Qc2 d5 21. exd5 Nxd5 22. Qb3 Rbd8 23. Bxg7 Kxg7 24. Nxd5 Rxe1 25. Rxe1 Bxd5 26. Bxd5 Qxd5+ 27. Qxd5 Rxd5 28. Re7+ Kg8 29. Re8+ Kg7 30. Re7+ 1/2-1/2

[Event "DEN-chT 0203"]
[Site "Denmark"]
[Date "2003.03.16"]
[Round "7.1"]
[White "Ost Hansen, Jacob"]
[Black "Holst, Allan"]
[Result "1-0"]
[WhiteElo "2425"]
[BlackElo "2369"]
[PlyCount "61"]
[EventDate "2002.11.06"]
[EventType "team"]
[EventRounds "7"]
[EventCountry "DEN"]
[SourceTitle "EXT 2006"]
[Source "ChessBase"]
[SourceDate "2005.11.24"]
[SourceVersion "1"]
[SourceVersionDate "2005.11.24"]
[SourceQuality "1"]

1. g3 Nf6 2. Bg2 d6 3. e4 e5 4. Nc3 c6 5. Nge2 b5 6. a3 Bb7 7. 0-0 Nbd7 8. h3 a5 9. d3 b4 10. Na4 d5 11. Be3 dxe4 12. dxe4 c5 13. f3 Be7 14. c3 0-0 15. Qc2 Qb8 16. Rfd1 b3 17. Qxb3 Bc6 18. Qc2 c4 19. f4 Qb5 20. fxe5 Ne8 21. Rxd7 Bxd7 22. Nb6 Rd8 23. Nd5 Bc5 24. Nd4 Qb7 25. Qe2 Rc8 26. Rf1 Be6 27. Rf4 Nc7 28. Nf6+ gxf6 29. exf6 Bd6 30. e5 Qa6 31. Qh5 1-0

[Event "DEN-chT 0102"]
[Site "Denmark"]
[Date "2002.03.16"]
[Round "6.3"]
[White "Ost Hansen, Jacob"]
[Black "Jorgensen, Jorgen"]
[Result "1/2-1/2"]
[WhiteElo "2425"]
[BlackElo "2263"]
[PlyCount "41"]
[EventDate "2001.11.04"]
[EventType "team-tourn"]
[EventRounds "7"]
[EventCountry "DEN"]
[SourceTitle "EXT 2023"]
[Source "ChessBase"]
[SourceDate "2022.10.05"]
[SourceVersion "1"]
[SourceVersionDate "2022.10.05"]
[SourceQuality "1"]
[WhiteTeam "Sydkysten"]
[BlackTeam "Norresundby"]
[WhiteTeamCountry "DEN"]
[BlackTeamCountry "DEN"]

1. g3 g6 2. Bg2 Bg7 3. e4 c5 4. d3 Nc6 5. Nc3 e6 6. Be3 b6 7. Nge2 Nge7 8. d4 d6 9. 0-0 Ba6 10. Re1 0-0 11. f4 Rc8 12. Bf2 Bxe2 13. Nxe2 cxd4 14. Qd2 Qc7 15. Rac1 Rfd8 16. Nxd4 Nxd4 17. Bxd4 Qc4 18. Bxg7 Kxg7 19. c3 d5 20. exd5 Nxd5 21. Qe2 1/2-1/2

[Event "DEN-chT 0102"]
[Site "Denmark"]
[Date "2002.02.03"]
[Round "5.3"]
[White "Hartung Nielsen, Jens"]
[Black "Ost Hansen, Jacob"]
[Result "1/2-1/2"]
[WhiteElo "2224"]
[BlackElo "2425"]
[PlyCount "64"]
[EventDate "2001.11.04"]
[EventType "team-tourn"]
[EventRounds "7"]
[EventCountry "DEN"]
[SourceTitle "EXT 2023"]
[Source "ChessBase"]
[SourceDate "2022.10.05"]
[SourceVersion "1"]
[SourceVersionDate "2022.10.05"]
[SourceQuality "1"]
[WhiteTeam "Copenhagen 34"]
[BlackTeam "Sydkysten"]
[WhiteTeamCountry "DEN"]
[BlackTeamCountry "DEN"]

1. d4 Nf6 2. Nf3 g6 3. c4 Bg7 4. Nc3 0-0 5. e4 d6 6. Be2 e5 7. Be3 Na6 8. 0-0 Qe8 9. dxe5 dxe5 10. Nd2 Nd7 11. a3 f5 12. f3 c6 13. b4 Nc7 14. c5 Ne6 15. Nc4 Kh8 16. Nd6 Qe7 17. Bc4 f4 18. Bf2 g5 19. Qd3 Rf6 20. Rfd1 Ndf8 21. b5 Rg6 22. h3 h5 23. bxc6 bxc6 24. Rab1 Bf6 25. Kf1 Qh7 26. Nf5 Bd8 27. Qd6 Qc7 28. Qxc7 Bxc7 29. Ne7 Rh6 30. Nxc8 Rxc8 31. Rb7 Ba5 32. Na2 Rh7 1/2-1/2

[Event "DEN-chT 0102"]
[Site "Denmark"]
[Date "2002.01.13"]
[Round "4.3"]
[White "Ost Hansen, Jacob"]
[Black "Hoi, Carsten"]
[Result "1/2-1/2"]
[WhiteElo "2425"]
[BlackElo "2407"]
[PlyCount "53"]
[EventDate "2001.11.04"]
[EventType "team-tourn"]
[EventRounds "7"]
[EventCountry "DEN"]
[SourceTitle "EXT 2023"]
[Source "ChessBase"]
[SourceDate "2022.10.05"]
[SourceVersion "1"]
[SourceVersionDate "2022.10.05"]
[SourceQuality "1"]
[WhiteTeam "Sydkysten"]
[BlackTeam "Bronshoj"]
[WhiteTeamCountry "DEN"]
[BlackTeamCountry "DEN"]

1. g3 d5 2. Nf3 c6 3. Bg2 g6 4. c4 Nf6 5. Qa4 dxc4 6. Qxc4 Bg7 7. 0-0 0-0 8. d3 Bg4 9. Nbd2 Nbd7 10. h3 Nb6 11. Qc2 Bxf3 12. Nxf3 Nfd7 13. Bg5 h6 14. Bd2 e5 15. Rac1 Qe7 16. b4 Rac8 17. a4 Rfd8 18. Qb3 Nf6 19. Be3 e4 20. Bc5 Qe8 21. dxe4 Nxe4 22. Rc2 Rc7 23. a5 Nc8 24. Be3 a6 25. h4 Re7 26. Bf4 Ncd6 27. Bxd6 1/2-1/2

[Event "DEN-chT 0102"]
[Site "Denmark"]
[Date "2001.11.18"]
[Round "2.4"]
[White "Hansen, Lars"]
[Black "Ost Hansen, Jacob"]
[Result "1-0"]
[WhiteElo "2224"]
[BlackElo "2425"]
[PlyCount "56"]
[EventDate "2001.11.04"]
[EventType "team-tourn"]
[EventRounds "7"]
[EventCountry "DEN"]
[SourceTitle "EXT 2023"]
[Source "ChessBase"]
[SourceDate "2022.10.05"]
[SourceVersion "1"]
[SourceVersionDate "2022.10.05"]
[SourceQuality "1"]
[WhiteTeam "Copenhagen 68"]
[BlackTeam "Sydkysten"]
[WhiteTeamCountry "DEN"]
[BlackTeamCountry "DEN"]

1. e4 c5 2. d3 Nc6 3. g3 g6 4. Bg2 Bg7 5. f4 d6 6. Nf3 e5 7. 0-0 Nge7 8. c3 0-0 9. Na3 Rb8 10. f5 gxf5 11. Nh4 fxe4 12. dxe4 Be6 13. Nf5 Qd7 14. Nxg7 Kxg7 15. Qh5 Ng8 16. Rf6 Kh8 17. Bg5 a6 18. Raf1 Rbe8 19. Nc4 Bxc4 20. Bh3 Be2 21. Qh4 Qxh3 22. Qxh3 Bxf1 23. Qxf1 Kg7 24. Rxd6 f6 25. Be3 Rd8 26. Qd1 Nh6 27. Rd7+ Nf7 28. Qg4+ Kh8 1-0

[Event "DEN-chT 0102"]
[Site "Denmark"]
[Date "2001.11.17"]
[Round "3.4"]
[White "Ost Hansen, Jacob"]
[Black "Ochsner, Thomas"]
[Result "1-0"]
[WhiteElo "2425"]
[BlackElo "2355"]
[PlyCount "85"]
[EventDate "2001.11.04"]
[EventType "team-tourn"]
[EventRounds "7"]
[EventCountry "DEN"]
[SourceTitle "EXT 2023"]
[Source "ChessBase"]
[SourceDate "2022.10.05"]
[SourceVersion "1"]
[SourceVersionDate "2022.10.05"]
[SourceQuality "1"]
[WhiteTeam "Sydkysten"]
[BlackTeam "Skolerne"]
[WhiteTeamCountry "DEN"]
[BlackTeamCountry "DEN"]

1. g3 Nf6 2. Bg2 d5 3. Nf3 c6 4. 0-0 Bg4 5. b3 e6 6. Bb2 Nbd7 7. d3 Bc5 8. a3 a5 9. Nbd2 0-0 10. Re1 b5 11. e4 Bb6 12. a4 b4 13. h3 Bh5 14. Qe2 Ne8 15. Kh1 Nc7 16. Qf1 Bxf3 17. Nxf3 Qb8 18. Nd4 Qb7 19. f4 Rae8 20. Re2 Bc5 21. Rae1 Qb6 22. Nf3 f5 23. exf5 exf5 24. Rxe8 Nxe8 25. Re2 h6 26. Kh2 Qd8 27. Re6 Nb8 28. Qe2 Qd7 29. Nh4 Nc7 30. Rg6 Rf7 31. Qh5 d4 32. Qxh6 Nd5 33. Nf3 Bd6 34. Bxd4 Ne7 35. Rg5 Nd5 36. Qg6 Kf8 37. Qh7 Nxf4 38. Bxg7+ Rxg7 39. Qh8+ Kf7 40. Rxg7+ Ke6 41. Rxd7 Nxd7 42. Qh6+ Kd5 43. gxf4 1-0

[Event "DEN-chT 9899"]
[Site "Denmark"]
[Date "1999.03.21"]
[Round "7.5"]
[White "Johansen, Morten"]
[Black "Ost Hansen, Jacob"]
[Result "0-1"]
[WhiteElo "2267"]
[BlackElo "2425"]
[PlyCount "60"]
[EventDate "1998.11.01"]
[EventType "team-tourn"]
[EventRounds "7"]
[EventCountry "DEN"]
[SourceTitle "EXT 2023"]
[Source "ChessBase"]
[SourceDate "2022.10.05"]
[SourceVersion "1"]
[SourceVersionDate "2022.10.05"]
[SourceQuality "1"]
[WhiteTeam "Nordre"]
[BlackTeam "Espergaerde"]
[WhiteTeamCountry "DEN"]
[BlackTeamCountry "DEN"]

1. d4 Nf6 2. c4 c5 3. d5 e5 4. Nc3 d6 5. e4 Be7 6. g3 0-0 7. Bg2 Nbd7 8. Nge2 Ne8 9. 0-0 a6 10. Bd2 g6 11. Rb1 Ng7 12. Nc1 f5 13. Nd3 Bg5 14. f4 exf4 15. gxf4 Bf6 16. b4 b6 17. Re1 Bd4+ 18. Kh1 fxe4 19. Nxe4 Nf6 20. Ng5 Bf5 21. Rb3 Ra7 22. Bh3 Bxh3 23. Nxh3 Re7 24. Qf3 Rfe8 25. Rxe7 Qxe7 26. bxc5 bxc5 27. Ndf2 Nf5 28. Rb1 Nh4 29. Qd3 Qe2 30. Qg3 Nf5 0-1

[Event "DEN-chT 9798"]
[Site "Denmark"]
[Date "1998.02.01"]
[Round "5.4"]
[White "Jorgensen, Brian Jorgen"]
[Black "Ost Hansen, Jacob"]
[Result "1/2-1/2"]
[WhiteElo "2285"]
[BlackElo "2425"]
[PlyCount "81"]
[EventDate "1997.11.02"]
[EventType "team-tourn"]
[EventRounds "7"]
[EventCountry "DEN"]
[SourceTitle "EXT 2023"]
[Source "ChessBase"]
[SourceDate "2022.10.05"]
[SourceVersion "1"]
[SourceVersionDate "2022.10.05"]
[SourceQuality "1"]
[WhiteTeam "Frederiksberg"]
[BlackTeam "Espergaerde"]
[WhiteTeamCountry "DEN"]
[BlackTeamCountry "DEN"]

1. e4 c5 2. Nc3 e6 3. g3 Nc6 4. Bg2 g6 5. d3 Bg7 6. Be3 d6 7. Qd2 Qa5 8. f4 Nge7 9. Nf3 Nd4 10. 0-0 0-0 11. Nd5 Nec6 12. Qxa5 Nxa5 13. Bxd4 cxd4 14. Nc7 Rb8 15. Nb5 Rd8 16. Nbxd4 Nc6 17. c3 Nxd4 18. Nxd4 Bxd4+ 19. cxd4 Bd7 20. Rfc1 Rdc8 21. Kf2 Kf8 22. Ke3 Rxc1 23. Rxc1 Bc6 24. g4 h6 25. h4 Ke7 26. Bh3 Rh8 27. Rh1 Bd7 28. Bg2 b6 29. g5 hxg5 30. fxg5 Rc8 31. Kd2 Rh8 32. e5 d5 33. Bf3 Be8 34. Ke3 Bd7 35. h5 gxh5 36. Bxh5 Bb5 37. Rh3 Kf8 38. Bg4 Rxh3+ 39. Bxh3 Kg7 40. Bf1 Kg6 41. Kf4 1/2-1/2

[Event "DEN-chT 9091"]
[Site "Denmark"]
[Date "1991.??.??"]
[Round "5"]
[White "Larsen, Flemming Bo"]
[Black "Ost Hansen, Jacob"]
[Result "1/2-1/2"]
[WhiteElo "2300"]
[BlackElo "2425"]
[PlyCount "68"]
[EventDate "1990.??.??"]
[EventType "team"]
[EventRounds "7"]
[EventCountry "DEN"]
[SourceTitle "EXT 2002"]
[Source "ChessBase"]
[SourceDate "2001.11.25"]
[SourceVersion "1"]
[SourceVersionDate "2001.11.25"]
[SourceQuality "1"]

1. d4 Nf6 2. c4 g6 3. Nc3 Bg7 4. e4 d6 5. f4 0-0 6. Nf3 c5 7. d5 e6 8. Be2 exd5 9. cxd5 Re8 10. e5 dxe5 11. fxe5 Ng4 12. Bg5 f6 13. exf6 Bxf6 14. Qd2 Bxg5 15. Qxg5 Bf5 16. 0-0 Ne3 17. Bb5 Nd7 18. Rfe1 Qxg5 19. Nxg5 Nc2 20. Rxe8+ Rxe8 21. Rf1 Rf8 22. Nxh7 Kxh7 23. Bxd7 Nd4 24. g4 Rd8 25. Bxf5 gxf5 26. gxf5 Kg7 27. f6+ Kf7 28. Rf4 b5 29. Kf2 b4 30. Ne4 Rxd5 31. Nxc5 Rxc5 32. Rxd4 Rc2+ 33. Ke3 Rxb2 34. Rd7+ Kxf6 1/2-1/2

[Event "DEN-chT 9091"]
[Site "Denmark"]
[Date "1990.??.??"]
[Round "3"]
[White "Ost Hansen, Jacob"]
[Black "Fries Nielsen, Jens Ove"]
[Result "1/2-1/2"]
[WhiteElo "2425"]
[BlackElo "2400"]
[PlyCount "55"]
[EventDate "1990.??.??"]
[EventType "team"]
[EventRounds "7"]
[EventCountry "DEN"]
[SourceTitle "EXT 2002"]
[Source "ChessBase"]
[SourceDate "2001.11.25"]
[SourceVersion "1"]
[SourceVersionDate "2001.11.25"]
[SourceQuality "1"]

1. g3 Nf6 2. Bg2 d5 3. Nf3 g6 4. c4 d4 5. b4 Bg7 6. d3 0-0 7. Nbd2 Re8 8. Nb3 e5 9. 0-0 h6 10. Bb2 Nbd7 11. Re1 Bf8 12. Qd2 h5 13. c5 c6 14. a3 Nd5 15. Na5 Bg7 16. Qc2 Nf8 17. Rad1 Nh7 18. Nc4 Bg4 19. Nd6 Re7 20. e3 dxe3 21. fxe3 Rb8 22. Nc4 Nc7 23. Rd2 Bxf3 24. Bxf3 Qd7 25. Rdd1 Ng5 26. Bg2 Rf8 27. Na5 Nd5 28. Nc4 1/2-1/2